000 00585nam a2200181Ia 4500
008 151202s9999||||xx |||||||||||||| ||und||
082 _bPNVM-50006
100 _aपाटील नेताजी.
245 _aप्रकाशयात्री.
260 _b"अनघा प्रकाशन,ठाणे."
260 _c2004
300 _a95
600 _aपाटील नेताजी.
630 _aप्रकाशयात्री.
700 _aपाटील नेताजी.
730 _aप्रकाशयात्री.
942 _cBOOK
999 _c1316548
_d1316545